LIBRARY & INFORMATION CENTRE, KCAET, TAVANUR

ONLINE PUBLIC ACCESS CATALOGUE (OPAC)

Children of the New forest / (Record no. 841)

MARC details
000 -LEADER
fixed length control field 00445cam a2200169ua 4500
041 ## - LANGUAGE CODE
Language code of text/sound track or separate title eng
082 ## - DEWEY DECIMAL CLASSIFICATION NUMBER
Classification number 823.308
Item number MAR/CH
100 ## - MAIN ENTRY--AUTHOR NAME
Personal name Marryat, Captain .
245 ## - TITLE STATEMENT
Title Children of the New forest /
260 ## - PUBLICATION, DISTRIBUTION, ETC. (IMPRINT)
Place of publication London :
Name of publisher Ginn and co.ltd ,
Year of publication 1962.
300 ## - PHYSICAL DESCRIPTION
Number of Pages 152 ; .
490 0# - SERIES STATEMENT
Series statement Shorter classics,
Volume number/sequential designation
942 ## - ADDED ENTRY ELEMENTS (KOHA)
Koha item type Books
Holdings
Withdrawn status Lost status Damaged status Home library Current library Date acquired Full call number Accession Number Koha item type
Withdrawn     KAUAET Sanskrit University 07/04/2012 823.308 11038 Books
free website counter